English 12: Student's book
Đã lưu trong:
| Định dạng: | Sách |
|---|---|
| Ngôn ngữ: | Undetermined |
| Được phát hành: |
Hà Nội
Giáo Dục
2006
|
| Những chủ đề: | |
| Các nhãn: |
Thêm thẻ
Không có thẻ, Là người đầu tiên thẻ bản ghi này!
|
| Thư viện lưu trữ: | Trung tâm Học liệu Trường Đại học Cần Thơ |
|---|
| LEADER | 00511nam a2200193Ia 4500 | ||
|---|---|---|---|
| 001 | CTU_114761 | ||
| 008 | 210402s9999 xx 000 0 und d | ||
| 020 | |c 4200 | ||
| 082 | |a 428.0712 | ||
| 082 | |b E58/L12 | ||
| 245 | 0 | |a English 12: Student's book | |
| 245 | 0 | |c Tứ Anh ... [et al.] | |
| 260 | |a Hà Nội | ||
| 260 | |b Giáo Dục | ||
| 260 | |c 2006 | ||
| 650 | |a english language | ||
| 650 | |x study and teaching | ||
| 904 | |i Tuyến | ||
| 980 | |a Trung tâm Học liệu Trường Đại học Cần Thơ | ||